000 00423nam a2200181Ia 4500
001 15389
005 20260306170152.0
008 260306t2014||||xx |||||||||||||| ||und||
041 _aESP
082 _a537.2
_bL55
100 _aLeyva Naveros, Humberto
_eAUT
245 0 _aFĂ­sica III:
_belectrostática y magnetismo
260 _c2014
300 _a
_c
650 _aGEN
654 _aCCN
942 _cLIB
_dJUS
_fJUS
_2ddc
_n
999 _c15389
_d15389